Handbook of Cereal Science and Technology (Record no. 14301)
[ view plain ]
| 000 -LEADER | |
|---|---|
| fixed length control field | 00343nam a22001457a 4500 |
| 020 ## - INTERNATIONAL STANDARD BOOK NUMBER | |
| ISBN | 9780824782948 |
| 082 ## - DEWEY DECIMAL CLASSIFICATION NUMBER | |
| Classification number | 631.56 |
| Item number | KUL/HA |
| 245 ## - TITLE STATEMENT | |
| Title | Handbook of Cereal Science and Technology |
| 250 ## - EDITION STATEMENT | |
| Edition statement | 2 |
| 260 ## - PUBLICATION, DISTRIBUTION, ETC. (IMPRINT) | |
| Place of publication | New York |
| Name of publisher | CCRC Press |
| Year of publication | 2000 |
| 300 ## - PHYSICAL DESCRIPTION | |
| Number of Pages | 790 |
| 700 ## - ADDED ENTRY--PERSONAL NAME | |
| Personal name | Kulp,Karel |
| 700 ## - ADDED ENTRY--PERSONAL NAME | |
| Personal name | Ponte,Joseph.G |
| 942 ## - ADDED ENTRY ELEMENTS (KOHA) | |
| Koha item type | Reference |
| Withdrawn status | Lost status | Damaged status | Collection code | Home library | Current library | Shelving location | Date acquired | Source of acquisition | Cost, normal purchase price | Full call number | Accession Number | Koha item type |
|---|---|---|---|---|---|---|---|---|---|---|---|---|
| Reference | KAUAET | KAUAET | Reference | 14/06/2016 | Dream Tech, Trivandrum | 4995.00 | 631.56 KUL/HA | 24438 | Reference |
